• 首页
  • 本馆介绍
  • 公告通知
  • 最新文献
  • 馆藏检索
  • 电子资源
  • 读者导购
  • 参考咨询
  • 我的图书馆
  • 登录
  • 详细信息显示
  • 放入我的书架
  • 预约/预借图书
  • 作者相关作品
  • 分类相关作品
  • 丛书相关作品
  • 出版社相关作品

书目信息

  • 表格格式
  • 工作单格式
  • 卡片格式
题名:
仰望天堂
    
 
作者: 杨芳 著
分册:  
出版信息: 广州   中山大学出版社  2007
页数: 357页
开本: 21cm
丛书名:
单 册:
中图分类: B512.49
科图分类:
主题词:
电子资源:
ISBN: 978-7-306-02849-5
000 00937nam0 2200229 450
001 1131190927
005 20111004084045.26
010    @a978-7-306-02849-5@dCNY25.00
100    @a20111117d2007 em y0chiy0110 ea
101 0  @achi
102    @aCN@b440000
105    @ay z 000yy
200 1  @a仰望天堂@9yang wang tian tang@e陀思妥耶夫斯基的历史观@f杨芳著
210    @a广州@c中山大学出版社@d2007
215    @a357页@d21cm
330    @a本书共分五章,内容包括“苦难教人思考 时代造就哲人——陀思妥耶夫斯基历史观的形成”、“俄罗斯文化背景下的陀思妥耶夫斯基历史观”、“唯有上帝能够拯救俄罗斯——陀思妥耶夫斯基的历史动力说”等。
517 1  @a陀思妥耶夫斯基的历史观@9tuo si tuo ye fu si ji de li shi guan
600  0 @a陀思妥耶夫斯基@c(Достоевский,Федор Михайлович@f1821-1881)@x哲学思想@x研究
690    @aB512.49@v4
701  0 @a杨芳@9yang fang@4著
801  0 @aCN@b91MARC@c20111117
905    @a10447@dB512.49@eJY109
    
    仰望天堂:陀思妥耶夫斯基的历史观/杨芳著.-广州:中山大学出版社,2007
    357页;21cm
    
    
    ISBN 978-7-306-02849-5:CNY25.00
    本书共分五章,内容包括“苦难教人思考 时代造就哲人——陀思妥耶夫斯基历史观的形成”、“俄罗斯文化背景下的陀思妥耶夫斯基历史观”、“唯有上帝能够拯救俄罗斯——陀思妥耶夫斯基的历史动力说”等。
●
相关链接 在E读中查询图书 在五车中查询图书 在当当中查询图书 在豆瓣中查询图书


正题名:仰望天堂     索取号:B512.49/JY109         预约/预借

序号 登录号 条形码 馆藏地/架位号 状态 备注
1 7824997   278249977   学院路分馆/ [索取号:B512.49/JY109] 在馆    
2 7824998   278249986   学院路分馆/ [索取号:B512.49/JY109] 在馆    
唐山师范学院图书馆 欢迎您!
大连网信软件有限公司© 版权所有